Регионална библиотека "Любен Каравелов" - Русе

Китайски митове (Запис номер 81481)

MARC детайли
000 -Лидер
Контролно поле с фиксирана дължина 01785nam a2200469 c 4500
003 - Код на организацията, давaща контролен номер
Контролно поле BLK
005 - Дата и час на последна редакция
Контролно поле 20250729152814.0
008 - Елементи от данни с фиксирана дължина
fixed length control field 180408b bul|||||r ||||||| ||bul||
010 ## - Наследен системен номер
LC control number KNG00085985000
020 ## - Международен стандартен номер на книга ISBN
Международен стандартен номер на книга ISBN 978-954-330-146-1
-- издат.: Унискорп
040 ## - Източник на каталожния запис
Идентификатор на билиотеката - собственик на записа BLK
041 ## - Код за език
Код за езика на текст/звукозапис или на отделно заглавие Български
Код за езика КДБФ Български
080 ## - УДК
Текстов определител УДК Религии на Китай
УДК код - определител по УДК 299.51
УДК определител
УДК - код + определител 299.51
080 ## - УДК
Текстов определител УДК История на Древен Китай
УДК код - определител по УДК 931.5
УДК определител
УДК - код + определител 931.5
100 1# - Редна дума - Автор
Автор Уилкинсън, Филип
Авторска отговорност първи автор
R(LIN) 367671
139 ## - Редно поле
Редна дума Уилкинсън, Филип
Авторски знак Уилк - У 38
245 10 - Сведения за заглавието
Заглавие Китайски митове
Редно поле (дума) Филип Уилкинсън; прев. от англ. Илия Илиев.
257 ## - Страна на издаване
Страна на създаване/издаване Великобритания
260 ## - Област на издателските данни
-- София
Име на издателя, разпространителя и проч. Унискорп
Година на издаване 2008
Печатница отпеч. в Китай
300 ## - Физическа характеристика
Страници 96 с.
Илюстрации и др. с цв. ил.
Размери/Мащаб 23 см
380 ## - Жанр
Жанр Детска отраслова лит.
490 1# - СЕРИИ (Колекции)
Име на серия Светът на митовете
500 ## - Общи забележки
Забележка Ориг. загл. Chinese Myth / Philip Wilkinson. - Офс. изд. - Хронология на Китай ; Речник ; Показалец. - Библиогр. с. 93.
504 ## - Забележка за наличие на библиография и др
Забележка за наличие на библиография и под. 93
590 ## - Забележки на библиотеката, притежаваща документа (RLIN)
Служебно ф
650 #4 - Допълнително описание по предмет – тема
Основно описание – тема или топоним Митология, китайска
9 (RLIN) 299426
650 #4 - Допълнително описание по предмет – тема
Основно описание – тема или топоним Китай - история
9 (RLIN) 242271
651 #4 - Допълнително описание по предмет - топоним
Географско понятие Китай
9 (RLIN) 242505
653 ## - Ключова дума – ненормативна
Ключова дума Китай
653 ## - Ключова дума – ненормативна
Ключова дума митология
653 ## - Ключова дума – ненормативна
Ключова дума история
653 ## - Ключова дума – ненормативна
Ключова дума изкуство
653 ## - Ключова дума – ненормативна
Ключова дума религии
653 ## - Ключова дума – ненормативна
Ключова дума будизъм
700 1# - Други автори (авторска отговорност)
Лично име Илиев, Илия
Автороска отговорност (Описва отношението между автора и произведението) прев. от англ.
Друга информация Кожухаров, Илия Илиев
9 (RLIN) 363839
852 ## - Местоположение
Форматна сигнатура Цб 241592
856 4# - Електронен адрес и достъп
Електронен формат pdf - файл
Път до файла /url/
856 4# - Електронен адрес и достъп
Електронен формат pdf - файл
Път до файла /url/
942 ## - АРТИКУЛИ
Вид на библиотечния материал Книги
Скрит в OPAC Не
Koha issues (borrowed), all copies 3
944 ## - СЪЗДАВАНЕ И РЕДАКЦИЯ на ЗАПИСА
Създаване/Редакция Създаване
Дата на регистрацията/редакция 22.10.2008
Служител, извършил регистрацията/редакцията 30551
Статус, дата на статуса Бояна Костадинова
944 ## - СЪЗДАВАНЕ И РЕДАКЦИЯ на ЗАПИСА
Създаване/Редакция Редакция
Дата на регистрацията/редакция 30.10.2008
Служител, извършил регистрацията/редакцията
999 ## - СИСТЕМНИ КОНТРОЛНИ НОМЕРА
Koha biblionumber 81481
Koha biblioitemnumber 81481
Наличности
Код за отписване Код за изгубен артикул Код за повреда Коз за рестрикции Код за отдаване Артикулен № Име на библиотеката - собственик Име на библиотеката, в която се намира в момента Статус (Текущо местоположение) Дата на вписване в системата Местоположение - отдел Цена в лева Инвентарен номер Систематично азбучна сигнатура Баркод Номер на екземпляра Цена в евро Служебна бележка Служебен тип на артикула
  Не е изгубен Не е повреден без рестрикции заемане за дома 132241 Регионална библиотека "Любен Каравелов" Русе Регионална библиотека "Любен Каравелов" Русе Детски отдел 2008-10-15 Детски отдел 15.00 120000730512 ДН 2/У 38 120000730512 1 7.67 Дост: Pk Вид: Ф N: 8703 Дата: 14.10.2008 Дата инв: 26.08.2015 Бележки инв: Д2015 Книги
Vip Innovations Ltd, Rousse, Bulgaria 2025